000 00220nam a2200097Ia 4500
008 170619s9999 xx 000 0 und d
100 _aLEVY
245 4 _aTHE BASIC OF PRACICAL FOUNDATION
260 _bCambridge
260 _c2009
546 _aENGLISH
999 _c19418
_d19418